[Event "Madrid-ch U10"]
[Site "Madrid"]
[Date "2016.04.24"]
[Round "6.4"]
[White "Garcia Pardo, Lorena"]
[Black "Matorras Munoz, Rodrigo"]
[Result "1/2-1/2"]
[WhiteElo "1458"]
[BlackElo "1262"]
[PlyCount "67"]
[EventDate "2016.04.16"]
[EventType "swiss"]
[EventRounds "7"]
[EventCountry "ESP"]
[SourceTitle "EXT 2024"]
[Source "ChessBase"]
[SourceDate "2023.10.10"]
[SourceVersion "1"]
[SourceVersionDate "2023.10.10"]
[SourceQuality "1"]

1. e4 e5 2. Nf3 Nc6 3. Bc4 Nf6 4. Nc3 Bc5 5. 0-0 0-0 6. d3 d6 7. Bg5 h6 8. Bxf6 Qxf6 9. Nd5 Qg6 10. Nh4 Qg5 11. Nf3 Qd8 12. h3 Nd4 13. c3 Nxf3+ 14. Qxf3 c6 15. Ne3 Bxe3 16. fxe3 Be6 17. Bxe6 fxe6 18. Qxf8+ Qxf8 19. Rxf8+ Rxf8 20. Rf1 Rxf1+ 21. Kxf1 Kf7 22. Ke2 Kg6 23. d4 exd4 24. exd4 d5 25. Kd3 Kg5 26. exd5 exd5 27. Ke3 h5 28. Kf3 b6 29. g3 Kf5 30. b4 b5 31. Ke3 g5 32. Kf2 Ke4 33. Ke2 g4 34. h4 1/2-1/2